| 000 | 00395nam a22001457a 4500 | ||
|---|---|---|---|
| 005 | 20200610114219.0 | ||
| 008 | 200610b xxu||||| |||| 00| 0 eng d | ||
| 082 | _a345.4 AIR | ||
| 110 |
_aALL INDIA REPORTER _95910 |
||
| 245 | _aALL INDIA REPORTER, 1972 ACTS OF THE INDIA PARLIAMENT | ||
| 260 |
_aBOMBAY _bALL INDIA REPORTER, PVT LTD. |
||
| 300 | _a1200;p | ||
| 650 |
_aLAW _95701 |
||
| 942 | _cJRL | ||
| 999 |
_c6973 _d6971 |
||